01051njm a22002897a 450000500170000000600190001700700150003600800410005102800220009203500130011404000120012710000180013924501030015724600600026026000330032030000820035350000180043550000100045350000100046350000180047350501640049165000490065570000130070470000240071770000170074170000030075820100913153421.0a|||||r|||||00| 0 sd ammalaaahaa100910t xxu||||| |||| 00| 0 hin d aEMOE. 2415bOdeon aGR-02110 aSED/VEN aKishore Kumar aDushmun part. 1 & 2 /cby Kishore Kumar & Suchitra ; music Laxmikant Pyarelal ; lyric Anand Bakshi aदुश्मन (किशोरे कुमार) aDum Dum, IndiabOdeoncn. d. a1 sound disc : [Gramophone Record]banalog, 45 rpmc7 in.fGramophone Records aBrief record. aOdeon aBlack aExtended Play aMain ne dekha tu ne dekha, Sachai chhup nahi sakti (मैं देखा तू ने देखा) (सच्चाई छुप नहीं सकती) xExcerptszIndiaaClassical MusicvFilmi song aSuchitra aLaxmikant Pyarelal  aAnand Bakshi